00318 a2200133 4500001000700000020001800007040001100025100002100036240004400057245003900101300000700140362000900147440002800156186637 a85-85466-47-2 cMagnum aSouza, Flavio de10aAs experiencias de tibio e peroniolpor10aAs experiencias de tibio e peronio a480 a1996 1aCompanhia das Letrinhas